Elementos de antropología cristiana clásica

保存先:
書誌詳細
第一著者: Dei, H. DAniel
フォーマット: 図書
言語:Undetermined
出版事項: Buenos Aires, Argentina Marymar 1987
主題:
タグ: タグ追加
タグなし, このレコードへの初めてのタグを付けませんか!

MARC

LEADER 00000nam a2200000Ia 4500
008 170316s9999 xx 000 0 und d
090 |a 100 D-8.1e 
100 |a Dei, H. DAniel 
245 |a Elementos de antropología cristiana clásica 
260 |a Buenos Aires, Argentina 
260 |b Marymar 
260 |c 1987 
300 |a 64 páginas 
650 |a FILOSOFÍA 
999 |c 16082  |d 16082 
040 |a cru BVZT 
942 |c 15 D  |h 100 D-8.1e  |2 z